Clash of Clans Gebäude - Statistiken

Allgemein
  • Dieses Quiz wurde 128 mal gespielt
    114 seit der letzten Aktualisierung
  • Das Durchschnittsergebnis liegt bei 50 aus 146
Antwortstatistiken
Antwort % Korrekt
Kanone
93%
Bogenschützenturm
88%
Goldmine
87%
Bombe
85%
Rathaus
83%
Mine
81%
Magierturm
80%
Goldlager
79%
Minenwerfer
79%
Infernoturm
77%
Kaserne
76%
X-Bogen
76%
Armeelager
74%
Riesenbombe
71%
Dunkle Kaserne
70%
Elixiersammler
67%
Sprungfalle
67%
Elixierlager
65%
Verborgener Tesla
65%
Luftbombe
64%
Luftabwehr
63%
Mauer
63%
Bombenturm
62%
Clanburg
60%
Zauberfabrik
58%
Tornadofalle
57%
Doppelkanone
56%
Adlerartillerie
55%
Bauhütte
55%
Labor
54%
Suchende Luftmine
54%
Bohrer für Dunkles Elixier
51%
Luftfeger
48%
Streukatapult
48%
Lager für Dunkles Elixier
46%
Skelettfalle
46%
Monolith
44%
Multimörser
37%
Werkstatt
37%
Zauberturm
37%
Fabrik für Dunkle Zauber
36%
Juwelenmine
35%
Riesenkanone
35%
Megatesla
33%
Stoßfalle
32%
Luftbomben
31%
Begleiterhaus
27%
Lavawerfer
27%
Kracher
26%
Zerschmetterer
26%
Megamine
24%
Uhrenturm
24%
Gigatesla
23%
Kampfmaschine
23%
Bauarbeiterkaserne
21%
Schmiede
21%
Wachposten
21%
Sternlabor
19%
Meisterhütte
18%
O.T.T.O.'s Außenposten
18%
Schiff
18%
Beutekarre
17%
Bruzzler
17%
Altar der Bogenschützenkönigin
15%
Altar des großen Wächters
15%
Händler
15%
Kampfschrauber
15%
Verstärkungslager
15%
Altar des Barbarenkönigs
14%
Altar der königlichen Gladiatorin
13%
B.O.B.s Hütte
13%
Giga-Infernoturm
13%
Supermagier-Turm
13%
Speerwerfer
12%
Bezirksrathaus
11%
Luftschiff
10%
Raketenartillerie
10%
Kampfholzfalle
8%
Multikanone
8%
O.T.T.O.-Hütte
8%
Fabrik für Blitzzauber
7%
Rasende Raketen
7%
Stadtrathaus
7%
Superbarbaren-Kaserne
7%
Superdrachen-Kaserne
7%
Supermagier-Kaserne
7%
Fabrik für Sprungzauber
6%
Knallfalle
6%
Schleichschützen-Kaserne
6%
Superdrachen-Posten
6%
Superriesen-Kaserne
6%
Superriesen-Posten
6%
Verborgener Megatesla
6%
Zauberlager
6%
Baugelände der Fliegenden Festung
5%
Fabrik für Frostzauber
5%
Fabrik für Heilungszauber
5%
Fabrik für Wutzauber
5%
Lakaienkaserne
5%
Mächtiger Bogen
5%
Plünderkarren-Kaserne
5%
Raketenballon-Kaserne
5%
Rammbock-Kaserne
5%
Skelettfass-Kaserne
5%
Berggolem-Steinbruch
4%
Blockhaus
4%
Heilungshütte
4%
Plünderkarren-Posten
4%
Supersauna
4%
Frostfalle
2%
Mini-Lakaien-Nest
2%
Reflektor
2%
Schrumpffalle
2%
Schweinekämpfer-Kaserne
2%
Friedhofszauber-Fabrik
1%
Infernodrachen-Kaserne
1%
Kürbisbombe
1%
Super-P.E.K.K.A.-Kaserne
1%
Bauarbeiterboot
0%
Clanstadthaus
0%
Elixierkart
0%
Kleine Hütte
0%
Santa-Schlag
0%
Keine übereinstimmenden Quizze gefunden
Verteilung der Resultate
Anzahl Personen mit jedem Resultat
Perzentil nach korrekt beantworteten Fragen
Ihre Resultats-Entwicklung
Sie haben dieses Quiz seit der letzten Aktualisierung nicht gespielt